Chopin Études - Statistics

General Stats
  • This quiz has been taken 294 times
    209 since last reset
  • The average score is 13 of 22
Answer Stats
Op. No. Nickname % Correct
10 1 Waterfall
87%
25 11 Winter Wind
87%
10 12 Revolutionary
82%
10 4 Torrent
80%
25 12 Ocean
75%
10 5 Black Keys
73%
10 3 Tristesse
72%
25 1 Aeolian Harp
71%
25 9 Butterfly
71%
25 5 Wrong Note
68%
10 2 Chromatique
62%
25 6 Thirds
54%
25 2 The Bees
51%
25 10 Octave
50%
25 8 Sixths
43%
10 8 Sunshine
41%
25 4 Paganini
38%
10 11 Arpeggio
34%
25 7 Cello
33%
25 3 The Horseman
32%
10 6 Lament
30%
10 7 Toccata
30%
No matching quizzes found
Score Distribution
Percent of People with Each Score
Percentile by Number Answered
Your Score History
You have not taken this quiz since the last reset